Interfaith Dialogue: (Record no. 12269)
[ view plain ]
| 000 -LEADER | |
|---|---|
| fixed length control field | 00758nam a2200265 a 4500 |
| 001 - CONTROL NUMBER | |
| JCCL Control Number | 12269 |
| 003 - CONTROL NUMBER IDENTIFIER | |
| JCCL marc code | BD-JhCC |
| 005 - DATE AND TIME OF LATEST TRANSACTION | |
| control field | 20210920120210.0 |
| 008 - FIXED-LENGTH DATA ELEMENTS--GENERAL INFORMATION | |
| fixed length control field | 210920b20072011nyu |||| ||a| 000 0 eng d |
| 020 ## - INTERNATIONAL STANDARD BOOK NUMBER | |
| International Standard Book Number | 9781565643697 |
| 035 ## - SYSTEM CONTROL NUMBER | |
| system control number | (BD-JhCC)12269 |
| 040 ## - CATALOGING SOURCE | |
| Original cataloging agency | BD-JhCC |
| Modifying agency | BD-JhCC |
| 041 ## - LANGUAGE CODE | |
| Language code of Book | english |
| 082 ## - DEWEY DECIMAL CLASSIFICATION NUMBER | |
| Classification number | 297.28 |
| Author mark and Year | SHA 2011 |
| 100 ## - MAIN ENTRY--PERSONAL NAME | |
| Personal name | Shafiq,Muhammad |
| 245 ## - TITLE STATEMENT | |
| Title | Interfaith Dialogue: |
| Remainder of title | A Guide For Muslims / |
| Statement of responsibility, etc | Muhammad Shafiq, Mohammed Abu-Nimer . |
| 260 ## - PUBLICATION, DISTRIBUTION, ETC. (IMPRINT) | |
| Place of publication, distribution, etc | London: |
| Name of publisher, distributor, etc | The International Institute of islamic thought; |
| Date of publication, distribution, etc | 2011. |
| 300 ## - PHYSICAL DESCRIPTION | |
| Pagination | vii-xv,168 p. : |
| Dimensions | 22 cm. |
| 650 ## - SUBJECT ADDED ENTRY--TOPICAL TERM | |
| Topical term or geographic name as entry element | Dialoge -Religious Aspeets |
| 650 ## - SUBJECT ADDED ENTRY--TOPICAL TERM | |
| Topical term or geographic name as entry element | Islam |
| 650 ## - SUBJECT ADDED ENTRY--TOPICAL TERM | |
| Topical term or geographic name as entry element | Interfaith relatons |
| 700 ## - ADDED ENTRY--PERSONAL NAME | |
| Personal name | Abu-Nimer ,Mohammed |
| 942 ## - ADDED ENTRY ELEMENTS (KOHA) | |
| Source of classification or shelving scheme | Dewey Decimal Classification |
| Koha item type | Books |
| Source of classification or shelving scheme | Damaged status | Not for loan | Home library | Current library | Shelving location | Date of accession | Cost, normal purchase price | Total Checkouts | Full call number | Barcode | Date last seen | Date checked out | Copy number | Koha item type |
|---|---|---|---|---|---|---|---|---|---|---|---|---|---|---|
| Dewey Decimal Classification | JCC Rouf Library | JCC Rouf Library | General Stacks | 02/06/2024 | 250.00 | 1 | 297.28 SHA 2011 | 16878 | 02/07/2024 | 02/06/2024 | C-1 | Books |